000 00395nam a2200145Ia 4500
008 220217s9999||||xx |||||||||||||| ||und||
020 _a9788181283177
082 _a621.38132 SHE
100 _aSherwani, Naveed
_98131
245 0 _aAlgorithms for VLSI physical design automation
250 _a3rd
260 _aSpringer
_bNew Delhi
_c2010
300 _aXXX, 572p.
_b750
650 _aVLSI
999 _c184303
_d184303